Estudios contemporǹeos de derecho privado Responsabilidad civil, propiedad, contratos y obligaciones

Bibliographic Details
Main Author: Woolcott Oyague, Olenka
Other Authors: Monje Mayorca, Diego Fernando, Comand,̌ Giovanni, Pelèz Hernǹdez, Ramn̤ Antonio, Peą, Andrea Alarcn̤
Format: eBook
Language:Spanish
Published: Bogot:̀ Universidad Catl̤ica de Colombia, 2018
Subjects:
Online Access:Acceso restringido

MARC

LEADER 00000nam a22000007a 4500
005 20190813215152.0
007 cr|||| ||||
008 190813s2018 co |||||s|||| 00||0 spa d
020 |a 9789585456174 
035 |a 24031 
040 |a vLex 
090 |c 9167  |d 9167 
100 1 |a Woolcott Oyague, Olenka 
245 1 0 |a Estudios contemporǹeos de derecho privado Responsabilidad civil, propiedad, contratos y obligaciones  |h [Recurso electrn̤ico] /  |c Olenka Woolcott Oyague, Diego Fernando Monje Mayorca, Giovanni Comand,̌ Ramn̤ Antonio Pelèz Hernǹdez, Andrea Alarcn̤ Peą 
256 |a Servicio en ln̕ea 
260 |a Bogot:̀  |b Universidad Catl̤ica de Colombia,  |c 2018 
300 |a 1 recurso electrn̤ico 
500 |a La motivacin̤ de la obra descansa en las transformaciones por las que atraviesa en la actualidad el derecho privado, que se reflejan en la adecuacin̤ de la vigente codificacin̤ a las nuevas realidades del siglo XXI, caracterizadas por una economa̕ orientada a la productividad y al desarrollo tecnolg̤ico que afectan de manera directa las relaciones jurd̕icas entre los consociados. Tales cambios impactan en la contratacin̤, la responsabilidad civil y la propiedad, as ̕como en la necesidad de nuevas formas de solucin̤ de los conflictos y, en el r̀ea comercial, en el derecho de la competencia. Es as ̕como desde el imprescindible prisma de la comparacin̤ jurd̕ica se estudian las tendencias de unificacin̤ normativa que se producen, en especial, en el contexto europeo, a travš de renombrados documentos de armonizacin̤ como Principles of European Tort Law (PETL) y Draft Common Frame of Reference (DCFR), as ̕como las leyes modelo que en materia de contratacin̤ ha diseądo la Comisin̤ de las Naciones Unidas para el Desarrollo Mercantil Internacional (CNUDMI) para regular de manera especial el proceso arbitral. Estos instrumentos de soft law han permitido el anl̀isis de comparacin̤ con las instituciones mencionadas en el contexto colombiano y latinoamericano en algunos casos, por medio de los lineamientos jurisprudenciales y doctrinarios que en la actualidad ponen en jaque al legislador para hacer frente al problema de la implementacin̤ de las reformas en el campo de las instituciones del derecho privado 
506 1 |a Disponible solo en los productos indicados  |d vLex Global  |d vLex Global (Academic Edition, excluding Law Schools)  |d vLex Global (U.S. Academic Edition, Law Schools)  |d vLex Global (U.S. Academic Edition, excluding Law Schools)  |d vLex Global (Academic Edition, Law Schools) 
650 0 4 |a Derecho Civil  |z Colombia 
700 1 |a Monje Mayorca, Diego Fernando 
700 1 |a Comand,̌ Giovanni 
700 1 |a Pelèz Hernǹdez, Ramn̤ Antonio 
700 1 |a Peą, Andrea Alarcn̤ 
740 0 |a vLex Libros (Servicio en ln̕ea) 
856 4 0 |u http://vlex.com/source/estudios-contemporaneos-de-derecho-privado-responsabilidad-civil-propiedad-contratos-y-obligaciones-24031  |z Acceso restringido 
942 |c BOOK 
999 0 |a Civil Law